01288nab a2200337 a 450000100060000000300080000600500170001400600190003100700150005000800410006502200140010603500210012004000260014105000220016708000080018908200140019710000310021122200620024224501320030426000440043630000120048031000100049236200180050253301640052065000590068465000650074365500320080870000290084071000190086985600620088844088FlNmELB20241216222159.0m o d | cr cn|||||||||201105r2007 ck |||||s|||||||||||spa d a1657-7558 a(OCoLC)955426529 aFlNmELBbspacFlNmELB 4aHD5701bV331 2007 a33104a331.22221 aVasconcelos Porto, Lorena. 0aObservatorio de análisis de los sitemas internacionales10aFlexibilización laboral y desempleoh[recurso electronico] :bla reciente polémica por la ley del primer empleo en Francia. aBogotá, Colombia :bRed Oasis,c2007. a1-14 p. aAnual0 aNo. 12(2007)- aRecurso electrónico. Santa Fe, Arg.: e-libro, 2015. Disponible vía World Wide Web. El acceso puede estar limitado para las bibliotecas afiliadas a e-libro. 4aPolitical Science.xInternational relations.xGeneral. 4aCiencias políticas.xRelaciones internacionales.xGeneral. 4aArtículos electrónicos.1 aViana, Márcio Túlio.2 ae-libro, Corp.40uhttps://elibro.net/ereader/politecnicointernacional/22856